Pollution prevention: problems and solutions
Gespeichert in:
| Hauptverfasser: | , , |
|---|---|
| Format: | Buch |
| Sprache: | Englisch |
| Veröffentlicht: |
Nueva York
Gordon and Breach Science
1994
|
| Schlagworte: | |
| Tags: |
Tag hinzufügen
Keine Tags, Fügen Sie den ersten Tag hinzu!
|
MARC
| LEADER | 00000nam a2200000 a 4500 | ||
|---|---|---|---|
| 001 | UCR3024 | ||
| 003 | CL-VaPUC | ||
| 008 | 980123e19940000US |||||||||||||||||eng|d | ||
| 082 | 0 | 4 | |a 628.5 |b THE |2 21 |
| 100 | 0 | |a Theodore, Louis |e author |9 401716 | |
| 700 | 0 | |a Dupont, R. Ryan |e author |9 401717 | |
| 700 | 0 | |a Reynolds, Joseph |e author |9 401718 | |
| 245 | 1 | 0 | |a Pollution prevention: problems and solutions |
| 300 | |a 319 p | ||
| 942 | |c BK | ||
| 945 | |d 19980123 00:00:00 |a jquezada | ||
| 260 | |a Nueva York |b Gordon and Breach Science |c 1994 | ||
| 650 | 7 | |a CONTAMINACION INDUSTRIAL |2 CL-VaPUC |9 261690 | |
| 650 | 0 | |a Residuos industriales |9 261421 | |
| 650 | 7 | |a ELIMINACION DE RESIDUOS |2 CL-VaPUC |9 332226 | |
| 650 | 0 | |a Ecología |9 258124 | |
| 650 | 0 | |a Medio ambiente |9 257625 | |
| 650 | 0 | |a Ingeniería ambiental |9 328689 | |
| 583 | |a last modification |c 19980123 00:00:00 |k Rodrigo Vera | ||
| 999 | |c 266137 |d 266135 | ||
| 952 | |0 0 |1 0 |4 0 |6 628_500000000000000_THE_1994 |7 0 |8 A |9 297502 |a BIBING |b BIBING |d 2019-11-20 |i 3391590 |o 628.5 THE 1994 |p 3391590 |r 2025-01-20 |w 2019-11-20 |y BK |k EIQ | ||